الخلافة العثمانية : (Record no. 12680)
[ view plain ]
| 000 -الفاتح | |
|---|---|
| حقل البيانات ثابتة الطول | 01480nam a2200325 i 4500 |
| 003 - محدد رقم الضبط | |
| رقم الضبط | EG-ScBUE |
| 005 - وقت وتاريخ اخر تعامل مع التسجيلة | |
| رقم الضبط | 20231207102738.0 |
| 008 - عناصر البيانات ثابتة الطول - معلومات عامة | |
| حقل البيانات ثابتة الطول | 090824s2007 le f b 00010 ara d |
| 020 ## - الرقم الدولى المعيارى للكتب | |
| الرقم الدولى المعيارى للكتاب | 9759920085 |
| 040 ## - مصدر الفهرسة | |
| وكالة الفهرسة الأصلية | EG-ScBUE |
| لغة الفهرسة | ara |
| قواعد الوصف | rda |
| وكالة النسخ | EG-ScBUE |
| وكالة التعديل | EG-ScBUE |
| 041 1# - رمز اللغة | |
| رمز لغة النص/ المسارات الصوتية أو العنوان الانفرادي | ara |
| رمز لغة الترجمات و/او الاصلية المتوسطة للنص | tur |
| 043 ## - رمز المنطقة الجغرافية | |
| رمز المنطقة الجغرافية | a-tu--- |
| 082 04 - رقم تصنيف ديوى العشرى | |
| رقم الطبعة | 22 |
| رقم التصنيف | 956.1015 |
| رقم المادة | أ و ر |
| 100 1# - المدخل الرئيسى - إسم شخصى | |
| 9 (RLIN) | 8582 |
| الإسم الشخصى | أورتايلي، إيلبير، |
| التواريخ المصاحبة للاسم | 1947- |
| الدور | مؤلف. |
| 240 10 - العنوان الموحد | |
| عنوان موحد | İmparatorluğun En Uzun Yüzyılı. |
| لغة العمل | Arabic |
| 245 12 - بيان العنوان | |
| العنوان | الخلافة العثمانية : |
| بقية العنوان | التحديث والحداثة في القرن التاسع عشر / |
| بيان المسئوليه,etc | إلبر أورطايلي ؛ ترجمة عبد القادر عبد اللى ؛ تدقيق لغوي علي حيربك. |
| 250 ## - بيان الطبعة | |
| بيان الطبعة | الطبعة الأولى. |
| 264 #1 - النشر، التوزيع | |
| مكان الناشر او الموزع | بيروت : |
| اسم الناشر او الموزع | شركة قدمس للنشر والتوزيع، |
| تاريخ النشر أو التوزيع | 2007. |
| 300 ## - الوصف المادى | |
| التعداد | 316 صفحة ؛ |
| أبعاد الوعاء | 22 سم |
| 336 ## - نوع المحتوى | |
| source | rdacontent |
| Carrier Type Term | نص |
| Content Type Code | txt |
| 337 ## - نوع الوسيط | |
| Media Type Term | بدون وسيط |
| source | rdamedia |
| Media Type Code | n |
| 338 ## - نوع الحامل أو الناقل | |
| Carrier Type Term | مجلد |
| Carrier Type Code | nc |
| source | rdacarrier |
| 504 ## - تبصرة ببليوجرافية | |
| تبصرة ببليوجرافية,الخ | يشتمل على إرجاعات ببليوجرافية وكشافات. |
| 546 ## - تبصرة اللغة | |
| تبصرة اللغة | النص باللغة العربية وتم ترجمته من اللغة التركية. |
| 651 #7 - المدخل الاضافى بالموضوع - اسم جغرافى | |
| 9 (RLIN) | 8585 |
| الاسم الجغرافي | تركيا |
| التقسيم الفرعي العام | تاريخ |
| التقسيم الفرعي الزمني | العصر العثماني. |
| مصدر الرأس أو المصطلح | BUEsh |
| 655 ## - مصطلح تكشيفى-نوع/شكل | |
| التقسيم الفرعي الشكلي | Reading book |
| 700 1# - المدخل الاضافى - اسم شخصى | |
| 9 (RLIN) | 8586 |
| الإسم الشخصى | عبد اللي، عبد القادر، |
| التواريخ المصاحبة للاسم | 1957-2017، |
| الدور | مترجم. |
| 700 1# - المدخل الاضافى - اسم شخصى | |
| 9 (RLIN) | 8587 |
| الإسم الشخصى | حيريك، علي، |
| الدور | مدقق. |
| 942 ## - عناصر المدخل الإضافي( كوها) | |
| مصدر التصنيف او مخطط الترفيف | Dewey Decimal Classification |
| Koha [default] item type | Book - Borrowing |
| حالة التراجع | حالة الفقد | مصدر التصنيف او خطة الترفيف | حالة تلف | ليس للاعارة | مجموعات كوها | المكان الدائم | المكان الحالي | موقع الترفيف | تاريخ الاكتساب | Source of acquisition | سعر الشراء الطبيعي | تعداد مسلسل / التسلسل الزمني | رقم الاستدعاء | الباركود | Date last seen | مُعار | نوع الوعاء |
|---|---|---|---|---|---|---|---|---|---|---|---|---|---|---|---|---|---|
| Dewey Decimal Classification | Dar Amoag | Central Library | Central Library | Second Floor | 24/08/2009 | Purchase | 66.00 | 56 | 956.1015 أ و ر | 000018028 | 15/07/2025 | 06/03/2016 | Book - Borrowing |